000 00559nam a2200217 a 4500
999 _c9811
_d9811
001 9811
003 BD-JhCC
005 20180401105137.0
008 180401s1990 bg a|||| || | 001 0 eng d
035 _a(BD-JhCC)9811
040 _aBD-JhCC
_dBD-JhCC
041 _aeng
082 _a954.9042092
_bKHU 1990
100 _aKhurshid, K. H.
245 _aMemories of Jinnah /
_cK. H. Khurshid,
260 _aDhaka :
_bUniversity Press Limited,
_c1990
300 _a90 p. :
_c24 cm.
650 _aHades of States
_zPakistan
942 _2ddc
_cBK